000 00255nam a22001217a 4500
008 180111b xxu||||| |||| 00| 0 eng d
041 _aeng
080 _a574
100 _a9
101 _aMJE
245 _aHOW TO GROW HERBS
_cEDINGER,P
942 _2udc
_cBK
999 _c40104
_d40104